000 00593nam a2200241Ia 4500
003 OSt
005 20220924132941.0
006 a|||||r|||| 00| 0
007 ta
008 220923b |||||||| |||| 00| 0 tam d
024 _a254334
037 _cTextual
040 _aARTS
_cARTS
_btam
041 _2tam
_atam
082 _aO31,1C:g, P1
100 _aChinu M Au.
_9205339
245 0 _aTholkapiya neriyit
260 _c2001
650 _a TAMIL POETRY
650 _aTAMIL LITERATURE
942 _hO31,1C:g, P1
_cTEXL
_2CC
999 _c432115
_d432115